01011nam a2200289 i 450000100060000000300090000600500170001500700030003200800450003501500190008001600180009902000180011704000280013508000240016308000290018708000170021610000280023324500740026126000540033530000380038950000240042760000400045165000580049185200330054999900170058295201220059912308ES-MaACL20250811145102.0t|901105s1988 sp ||||0| spa j ..| a1990-SEP-172617 zSAB9000094746 a84-7492-411-1 aM-BN-DP bspa cM-BN-DP a929 Brecht, Bertolt a830 Brecht, Bertolt 2.06 a830-2.09"19"1 aSalvat, Ricard.910211810aBertolt Brecht no 90 aniversario do seu nascimento / cRicard Salvat. aSada, A Coruña : bEdiciós do Castro, c1988. a144 p., [26] p. de fot ; c24 cm. aTexto en español.14aBrecht, Bertolt, d1898-195693154414aTeatro alemán-yS.XX-xHistoria y crítica.917328 aES-MaACLjL-19649 bR.122743 c12308d12308 00104070aATENEOMbATENEOMcDEPO2d2008-01-17eSCl0oL-19649p1012543r2023-02-23 00:00:00w2023-02-23yMONOGRAFIA